| 000 | 00576nam a22001577a 4500 | ||
|---|---|---|---|
| 020 | _qHard Cover. | ||
| 082 | _a621.3678 | ||
| 100 | _aMuhammad Faisal Zia | ||
| 245 |
_aSpatio-temporal Analysis of Mobility Data Discovering Functional Knowledge for Decision Making / _cMuhammad Faisal Zia |
||
| 260 |
_aIslamabad : _bIGIS - NUST, _c2015. |
||
| 300 |
_axii, 93 p. : ill. ; _c30cm. |
||
| 650 |
_aMS Thesis Remote Sensing & Geographical Information System _929288 |
||
| 700 |
_aDr. Ali Tahir _916195 |
||
| 942 |
_2ddc _cTHE |
||
| 999 |
_c534886 _d534886 |
||